Score 0/15 Timer 04:00
3 Plays Today
% Correct
The Simpsons
95%
South Park
94.8%
The Big Bang Theory
91.3%
Family Guy
81.2%
Sherlock
80.4%
Friends
77%
Grey's Anatomy
74.5%
Parks and Recreation
74.2%
% Correct
Breaking Bad
70.7%
Glee
67.4%
Arrested
Development
67.1%
How I Met
Your Mother
65.5%
Monty Python's
Flying Circus
64.7%
Bob's Burgers
63.3%
Seinfeld
53.5%
Remove Ads.
Support Sporcle.
Get the best of Sporcle when you Go Orange. This ad-free experience offers more features, more stats, and more fun while also helping to support Sporcle. Thank you for becoming a member.

You're not logged in!

Compare scores with friends on all Sporcle quizzes.
OR
Log In

Show Comments

Extras

Top Quizzes Today


Score Distribution

Your Account Isn't Verified!

In order to create a playlist on Sporcle, you need to verify the email address you used during registration. Go to your Sporcle Settings to finish the process.

Report this User

Report this user for behavior that violates our Community Guidelines.

Details: